000
00213nam a2200085Ia 4500
008
170620s9999 xx 000 0 und d
100
_a
Paeanjpe - N.V.
245
0
_a
Arbitration & Concilliation act
260
_b
Central Law Pub.
260
_c
2001
999
_c
28516
_d
28516